[Event "45th Olympiad 2024"]
[Site "Budapest HUN"]
[Date "2024.09.21"]
[Round "10.48"]
[Board "1"]
[White "Oatlhotse, Providence"]
[Black "Dominguez, Jose Manuel"]
[Result "1-0"]
[WhiteElo "2239"]
[BlackElo "2195"]
[PlyCount "75"]
[EventDate "2024.09.11"]
[WhiteTeam "Botswana"]
[BlackTeam "Dominican Republic"]
[WhiteTeamCountry "BOT"]
[BlackTeamCountry "DOM"]

1. d4 Nf6 2. c4 d6 3. Nf3 Nbd7 4. Nc3 e5 5. e4 Be7 6. Be2 O-O 7. O-O Re8 8. Rb1 ({RR} 8. Re1 Bf8 9. Bf1 g6 10. Rb1 a5 11. b3 exd4 12. Nxd4 Nc5 13. f3 c6 14. Bg5 h6 15. Bh4 g5 16. Bf2 Nh5 17. Qd2 Qf6 18. g3 Qg6 19. Bg2 Nf6 20. g4 Nfd7 21. Rbd1 Ne5 22. Qc2 a4 {0-1 Giri,A (2737)-Granda Zuniga,J (2664) FIDE World Cup 2013 (3.2)}) 8... Bf8 9. Qc2 ({RR} 9. d5 Nc5 10. Nd2 a5 11. Qc2 g6 12. b3 Bh6 13. a3 Bd7 14. b4 axb4 15. axb4 Na4 16. Bf3 Nxc3 17. Qxc3 Qe7 18. Nb3 Bxc1 19. Rfxc1 b6 20. Ra1 Reb8 21. c5 Bb5 22. c6 Qd8 23. Nd2 Kg7 {½-½ Wagenknecht,U (2248)-Babar,M (2130) BL2-West 1718 2017 (5.8)}) ({RR} 9. d5 Nc5 10. Nd2 a5 11. b3 g6 12. a3 Bh6 13. Qc2 Bg4 14. Bxg4 Nxg4 15. Nf3 Bxc1 16. Rfxc1 f5 17. b4 axb4 18. axb4 fxe4 19. Nxe4 Nxe4 20. Qxe4 Nh6 21. Ra1 Rb8 22. c5 Rf8 23. g3 Qf6 {0-1 Duarte,M (2188)-Dominguez,J (2291) DOM-ch Santo Domingo 2015 (9)}) 9... exd4 $146 ({RR} 9... c6 10. b4 b6 11. Rd1 Qc7 12. Bg5 Bb7 13. d5 c5 14. Nb5 Qd8 15. bxc5 Nxc5 16. Bxf6 Qxf6 17. Nc7 Qg6 18. Nd2 Rac8 19. Nxe8 Rxe8 20. Bf3 Rc8 21. Nb3 Na6 22. Qc3 Be7 23. Qb2 Rc7 24. Rbc1 {1-0 Lugovoi,A (2509)-Cladouras,P (2335) Wichern op 5th 1999 (3.24)}) ({RR} 9... c6 10. d5 cxd5 11. Nxd5 Nxd5 12. cxd5 a6 13. Be3 b5 14. Rbc1 Nc5 15. b4 Na4 16. Qc7 Bd7 17. Qxd8 Rexd8 18. Rc7 Be7 19. Rfc1 Kf8 20. Nd2 Ke8 21. Nb3 Rdc8 22. Kf1 Bd8 23. Rxc8 Rxc8 24. Rxc8 {½-½ Kulkarni,V (2168)-Thakur,A (2316) Olomouc op 19th 2016 (9)}) 10. Nxd4 Nc5 11. f3 a5 12. Rd1 c6 13. Bg5 Qe7 14. Bh4 h6 15. Nb3 Nxb3 16. axb3 Qe5 17. Bg3 Qc5+ 18. Bf2 Qg5 19. Qd2 Qg6 20. Ra1 Be6 21. Bd3 Nd7 22. Kh1 Ne5 23. Bc2 Qf6 24. Bd4 g5 25. Rf1 Qg6 26. Nd1 c5 27. Bc3 Nc6 28. Ne3 Nb4 29. Bb1 Red8 30. Nd5 Bxd5 31. exd5 Qh5 32. Bf5 Re8 33. Qd1 b6 34. Rg1 Bg7 35. g4 Qh4 36. Rg3 Be5 37. Kg2 Bf4 38. Rh3 1-0

[Event "45th Olympiad 2024"]
[Site "Budapest HUN"]
[Date "2024.09.21"]
[Round "10.48"]
[Board "2"]
[White "Araujo Sanchez, Josue"]
[Black "Notha, Moakofi"]
[Result "1-0"]
[WhiteElo "2296"]
[BlackElo "1996"]
[PlyCount "209"]
[EventDate "2024.09.11"]
[WhiteTeam "Dominican Republic"]
[BlackTeam "Botswana"]
[WhiteTeamCountry "DOM"]
[BlackTeamCountry "BOT"]

1. d4 Nf6 2. Nc3 d5 3. Bf4 e6 4. e3 Be7 5. g4 O-O ({RR} 5... Bd6 6. g5 Nfd7 7. Nf3 Qe7 8. Qd2 a6 9. O-O-O b5 10. h4 Bb7 11. h5 c5 12. Bxd6 Qxd6 13. dxc5 Qxc5 14. Bh3 b4 15. Ne2 Nc6 16. g6 hxg6 17. hxg6 f5 18. Nf4 Qe7 19. Bxf5 Rxh1 20. Rxh1 {1-0 Tsydypov,Z (2534)-Vidit,S (2730) World Blitz 2022 (19.20)}) ({RR} 5... h6 6. h4 a6 7. Qf3 c5 8. g5 Ng8 9. Qg3 cxd4 10. exd4 Nc6 11. g6 f5 12. Bc7 Qd7 13. O-O-O Nf6 14. h5 O-O 15. f3 b5 16. Kb1 Ne8 17. Be5 Nd6 18. Bxd6 Bxd6 19. f4 Qc7 20. Nce2 {½-½ Meessen,R (2169)-Guion,G (1998) TCh-BEL 2023-24 (8.6)}) 6. g5 Nfd7 7. Nf3 a6 $146 ({RR} 7... c5 8. Rg1 a6 9. h4 Re8 10. h5 Bf8 11. Bd3 Nc6 12. Kd2 b5 13. a3 e5 14. dxe5 Ndxe5 15. Bxe5 Nxe5 16. Nxe5 Rxe5 17. f4 Re8 18. Kc1 Bb7 19. Rg3 c4 20. Bf5 Bc5 21. Qd2 d4 22. exd4 {0-1 Gumerov,R (2230)-Imashev,I (2291) Ufa Kopylov Memorial 2008 (7)}) 8. h4 c5 9. Bd3 c4 10. Bf1 Qa5 11. a3 Nc6 12. Bh3 Nd8 13. Kf1 Qb6 14. Rb1 Bd6 15. h5 Bxf4 16. exf4 Qd6 17. Qd2 b5 18. Ne2 a5 19. Ng3 f5 20. Kg2 b4 21. axb4 axb4 22. Ra1 Rb8 23. Qe3 Nc6 24. Rhe1 Nb6 25. h6 g6 26. Ne2 Ra8 27. Rxa8 Nxa8 28. Ne5 Bd7 29. Ng1 Nc7 30. Ngf3 Ra8 31. Nxd7 Qxd7 32. Ne5 Qd6 33. Nxc6 Qxc6 34. Qe5 Qd7 35. Kg1 Ra2 36. Bg2 Ra6 37. b3 c3 38. Bf1 Ra8 39. Bd3 Qe7 40. Kg2 Qd7 41. Kg3 Ra5 42. Kf3 Ra8 43. Kg2 Ra5 44. Rg1 Ra8 45. Kh2 Ra5 46. Rg3 Ra8 47. Re3 Rf8 48. Re1 Ra8 49. Kh3 Ra5 50. Qf6 Ra8 51. Bf1 Rf8 52. Qe5 Ra8 53. Bg2 Ra5 54. Qf6 Ra8 55. Bf3 Qf7 56. Qe5 Qd7 57. Kg3 Ra5 58. Rc1 Ra8 59. Be2 Ra5 60. Bd3 Ra8 61. Qe1 Kf7 62. Ra1 Rxa1 63. Qxa1 Qe7 64. Qa7 Ne8 65. Qa8 Qf8 66. f3 Nd6 67. Qa5 Qb8 68. Qc5 Ke7 69. Ba6 Kd7 70. Kg2 Ke7 71. Qc6 Qa7 72. Kf1 Qb8 73. Ke2 Kd8 74. Ke3 Ke7 75. Qc5 Kd7 76. Qa5 Ke7 77. Qc5 Kd7 78. Ke2 Ke7 79. Qc6 Kd8 80. Kd3 Ke7 81. Ke3 Kd8 82. Bb7 Ke7 83. Ba8 Kd8 84. Qa6 Ke7 85. Bc6 Kd8 86. Ba4 Ke7 87. Qc6 Qa7 88. Qc5 Qb8 89. Qa5 Kf8 90. Qa6 Ke7 91. Bc6 Kd8 92. Kf2 Ke7 93. Qe2 Qb6 94. Qe5 Qxc6 95. Qf6+ Ke8 96. Qh8+ Ke7 97. Qxh7+ Nf7 98. Qxg6 Qe8 99. Qf6+ Kd6 100. Qg6 Ke7 101. Qg7 Qh8 102. Kg3 Qf8 103. Kh4 Qh8 104. Kh5 Ke8 105. g6 1-0

[Event "45th Olympiad 2024"]
[Site "Budapest HUN"]
[Date "2024.09.21"]
[Round "10.48"]
[Board "3"]
[White "Monnaatsheko, Keletshabile"]
[Black "Jimenez Jimenez, Leandro"]
[Result "1-0"]
[WhiteElo "2064"]
[BlackElo "2188"]
[PlyCount "63"]
[EventDate "2024.09.11"]
[WhiteTeam "Botswana"]
[BlackTeam "Dominican Republic"]
[WhiteTeamCountry "BOT"]
[BlackTeamCountry "DOM"]

1. d4 d5 2. Bf4 c5 3. e3 Nc6 4. c3 Qb6 5. Qb3 c4 6. Qc2 e5 7. dxe5 Bf5 8. Qc1 g5 9. Bg3 h5 10. h3 Bg7 11. Nf3 Nge7 ({RR} 11... g4 12. hxg4 hxg4 13. Rxh8 Bxh8 14. Nd4 Nge7 15. Nd2 Bxe5 16. Bxe5 Nxe5 17. Nxf5 Nxf5 18. Qc2 Nd6 19. O-O-O O-O-O 20. Kb1 f5 21. g3 Rh8 22. Bg2 Qc5 23. Rh1 Rxh1+ 24. Bxh1 Nd3 25. Nb3 Qb6 26. Bxd5 {1-0 Niemann,H (2592)-Bluebaum,M (2681) Lindores Abbey Blitz Tal Memorial 2021 (10.11)}) ({RR} 11... g4 12. hxg4 hxg4 13. Rxh8 Bxh8 14. Nd4 Nge7 15. b3 Bxe5 16. Bh4 cxb3 17. axb3 Rc8 18. Qa3 a6 19. Nd2 Bh7 20. Be2 g3 21. Bg4 gxf2+ 22. Kxf2 Rc7 23. N2f3 Nxd4 24. cxd4 Bf6 25. Bxf6 Qxf6 26. Rc1 {½-½ Eriksson,J (2154)-Honey,L (1939) Reykjavik Open 2024 (2.132)}) 12. Nbd2 O-O-O 13. e4 $146 ({RR} 13. b3 g4 14. Nd4 cxb3 15. axb3 Nxe5 16. Bxe5 Bxe5 17. Qa3 Bxd4 18. cxd4 Nc6 19. Rc1 Kb8 20. hxg4 hxg4 21. Rxh8 Rxh8 22. Qd6+ Ka8 23. Qf6 Rh5 24. Qxf7 Rg5 25. f4 gxf3 26. Nxf3 Qa5+ 27. Kf2 Bc8 {1-0 Grabinsky,A (2416)-Bargsten,J (2191) 34th Czech Open A 2023 (6.34)}) ({RR} 13. Nxg5 Bxe5 14. Bxe5 Nxe5 15. Ndf3 N7c6 16. Qd2 Rhe8 17. Nxe5 Nxe5 18. Nf3 Nxf3+ 19. gxf3 h4 20. Be2 Rg8 21. b4 a5 22. a3 Qa7 23. Qb2 Rg6 24. bxa5 Qxa5 25. Qb4 Qc7 26. Rd1 Bc2 27. Rc1 Bf5 {½-½ Bryakin,M (2478)-Aniruddh,C (2112) RUDAR 18 IM 2023 (7.1)}) 13... Bxe4 14. Nxe4 dxe4 15. Nd2 Rxd2 16. Qxd2 Rd8 17. Qxg5 Nd4 18. Bxc4 Nc2+ 19. Kf1 Nxa1 20. Kg1 Ng6 21. Qf5+ Kb8 22. e6+ Ka8 23. Qxf7 h4 24. Bc7 Rd1+ 25. Bf1 Qb5 26. c4 Rxf1+ 27. Kxf1 Qxc4+ 28. Kg1 b6 29. Qxg7 Qxe6 30. Kh2 Nc2 31. Rd1 Kb7 32. Bb8+ 1-0

[Event "45th Olympiad 2024"]
[Site "Budapest HUN"]
[Date "2024.09.21"]
[Round "10.48"]
[Board "4"]
[White "Mendez Ramirez, Victor"]
[Black "Bayani, Kuda"]
[Result "1-0"]
[WhiteElo "2191"]
[BlackElo "1931"]
[PlyCount "112"]
[EventDate "2024.09.11"]
[WhiteTeam "Dominican Republic"]
[BlackTeam "Botswana"]
[WhiteTeamCountry "DOM"]
[BlackTeamCountry "BOT"]

1. c4 Nf6 2. Nc3 e5 3. Nf3 d6 4. d4 exd4 5. Nxd4 Be7 6. e4 Nc6 7. Be2 Nxd4 8. Qxd4 Bd7 9. O-O O-O 10. b3 Bc6 $146 ({RR} 10... Ne8 11. Nd5 Bf6 12. Nxf6+ Qxf6 13. Bb2 Qxd4 14. Bxd4 Bc6 15. Bd3 b6 16. Rfe1 f6 17. f4 g6 18. Re3 Ng7 19. Bc3 Rae8 20. Rae1 Ne6 21. g3 Nc5 22. Bc2 a5 23. a3 Re7 24. b4 axb4 25. axb4 {1-0 Hoffmeyer,F (2214)-Pawlitzki,T (2090) Oberliga Ost-A 0304 2003 (5.5)}) ({RR} 10... Re8 11. Bb2 Bf8 12. Rfe1 a6 13. Bf1 Rb8 14. Nd5 Nxd5 15. cxd5 c5 16. dxc6 Bxc6 17. Rad1 Qg5 18. Bc4 b5 19. Bf1 Rbc8 20. Qd3 Ba8 21. Bd4 Qg6 22. f3 d5 23. e5 Qxd3 24. Bxd3 Bc5 25. Bxc5 {1-0 Karpov,A (2720)-Tradardi,M Karpov sim Turin 1982}) 11. Bb2 Ne8 12. Rad1 Bf6 13. Qd3 Qe7 14. f3 g6 15. b4 Bg7 16. b5 Bd7 17. Nd5 Qd8 18. Bxg7 Nxg7 19. Qc3 f6 20. c5 Ne6 21. cxd6 cxd6 22. Qb4 Nc5 23. Bc4 Kg7 24. a4 Re8 25. Rd2 Rc8 26. Rfd1 Be6 27. Ne3 Bxc4 28. Nxc4 a5 29. bxa6 Nxa6 30. Qxb7+ Qc7 31. Qxc7+ Rxc7 32. Nxd6 Rb8 33. Nb5 Rc4 34. Rd4 Rc2 35. Rd7+ Kh6 36. Ra7 Nc5 37. Rc7 Ra8 38. Rd4 Ra5 39. h4 Rc1+ 40. Kh2 Nb3 41. Rxc1 Nxc1 42. Rc4 Nd3 43. Nc3 Ra6 44. Rd4 Nc5 45. Kg3 Ne6 46. Rc4 Ng7 47. Kf2 Ne8 48. Nd5 g5 49. hxg5+ Kxg5 50. Rc5 Kg6 51. a5 Nd6 52. Rc6 Nxe4+ 53. fxe4 Rxa5 54. Rxf6+ Kh5 55. Rf5+ Kh6 56. Kf3 Ra3+ 1-0

[Event "45th Olympiad 2024"]
[Site "Budapest HUN"]
[Date "2024.09.21"]
[Round "10.49"]
[Board "1"]
[White "Mafaaz Khalid"]
[Black "Giron, Jorge Ernesto"]
[Result "1/2-1/2"]
[WhiteElo "2069"]
[BlackElo "2276"]
[PlyCount "130"]
[EventDate "2024.09.11"]
[WhiteTeam "Pakistan"]
[BlackTeam "El Salvador"]
[WhiteTeamCountry "PAK"]
[BlackTeamCountry "ESA"]

1. d4 Nf6 2. c4 c5 3. d5 e6 4. Nc3 exd5 5. cxd5 d6 6. e4 g6 7. f4 Bg7 8. Bb5+ Nfd7 9. a4 O-O 10. Nf3 Na6 11. O-O Nb4 12. Re1 a6 13. Bf1 b6 $146 ({RR} 13... Nf6 14. h3 b6 15. Be3 Bb7 16. Qd2 Qc7 17. Bc4 Nd7 18. Bf2 Rae8 19. Bg3 Bd4+ 20. Kh1 Nf6 21. Rac1 Nh5 22. Bh2 Bg7 23. e5 f5 24. Ng5 Bh6 25. Ne6 {1-0 Dao,T (2535)-Sahl,B (2420) Donner Memorial op 1996 (5)}) ({RR} 13... Nf6 14. h3 Re8 15. Bc4 Nd7 16. Be3 b6 17. Qd2 Bb7 18. Bf2 Bh6 19. Bh4 f6 20. Rf1 Ne5 21. Nxe5 dxe5 22. Bg3 Kg7 23. Rf2 Qd6 24. Raf1 exf4 25. Rxf4 Bxf4 26. Bxf4 Re5 27. Nd1 g5 28. Bg3 {1-0 Gareyev,T (2658)-Sevillano,E (2526) Los Angeles Metropolitan 22nd 2012 (8)}) ({RR} 13... f5 14. e5 Re8 15. e6 Nf6 16. a5 b5 17. axb6 Qxb6 18. Nd2 Nfxd5 19. Nxd5 Nxd5 20. Nc4 Qc6 21. Na5 Qb6 22. Qxd5 Qb4 23. Be3 Bxe6 24. Qxd6 Bxb2 25. Nc6 Qc3 26. Bd2 Qf6 27. Rxa6 Rxa6 28. Bxa6 {1-0 Saydaliev,S (2445)-Sreyas,P (2080) Titled Tue 6th Feb Early 2024 (8)}) ({RR} 13... Nf6 14. h3 Re8 15. Bc4 Nd7 16. Be3 Nb6 17. Bf1 Bd7 18. Bf2 Rc8 19. g4 c4 20. a5 Na8 21. e5 Nd3 22. Bxd3 cxd3 23. Qxd3 dxe5 24. fxe5 f6 25. Bh4 g5 26. Bg3 fxe5 27. Ne4 Bb5 28. Qd2 {1-0 Horvath,G (2310)-Boensch,U (2455) Keszthely 1981 (1)}) ({RR} 13... Nf6 14. h3 Re8 15. Bd2 Rb8 16. Bc4 h6 17. Qb3 b5 18. axb5 axb5 19. Bxb5 Bd7 20. Bc4 Nd3 21. Qc2 Nxe1 22. Rxe1 Kh7 23. e5 Bf5 24. Qc1 dxe5 25. fxe5 Nd7 26. Bf4 g5 27. Bg3 Nb6 28. Bb5 {1-0 Portisch,F (2425)-Petrik,K (2210) Trencianske Teplice 1981 (4)}) 14. Bc4 Re8 15. Bd2 Bb7 16. Rc1 Nf6 17. h3 Qd7 18. Re2 Re7 19. Be1 Nh5 20. Qd2 Bh6 21. Ng5 Nxf4 22. Qxf4 f6 23. h4 fxg5 24. hxg5 Rf8 25. Qh4 Bg7 26. Bg3 Be5 27. Ree1 Bc8 28. Bxe5 Rxe5 29. Rf1 Rxf1+ 30. Rxf1 Qe7 31. Rf6 Bd7 32. Be2 b5 33. axb5 axb5 34. Bf3 Nd3 35. Ne2 b4 36. b3 Be8 37. Kh2 Bf7 38. Nf4 Nxf4 39. Rxf4 Rxg5 40. Bg4 Qe5 41. g3 Kg7 42. Kg2 h6 43. Bd1 Qd4 44. Be2 Qe3 45. Rf2 Be8 46. Bc4 Bd7 47. Rf3 Qc1 48. Rf1 Qb2+ 49. Rf2 Qe5 50. Be2 h5 51. Rf4 Bg4 52. Bc4 Kh6 53. Qh1 Qc3 54. Qg1 Be2 55. Qf2 Bxc4 56. bxc4 Qxc4 57. Rg4 Kg7 58. Rf4 Qc3 59. Rf7+ Kh6 60. Rd7 Qh8 61. Rb7 h4 62. Qf4 hxg3 63. Qh4+ Rh5 64. Qf4+ Rg5 65. Qh4+ Rh5 1/2-1/2

[Event "45th Olympiad 2024"]
[Site "Budapest HUN"]
[Date "2024.09.21"]
[Round "10.49"]
[Board "2"]
[White "Chavez, Ricardo Ernesto"]
[Black "Amer Karim"]
[Result "1-0"]
[WhiteElo "2185"]
[BlackElo "2081"]
[PlyCount "103"]
[EventDate "2024.09.11"]
[WhiteTeam "El Salvador"]
[BlackTeam "Pakistan"]
[WhiteTeamCountry "ESA"]
[BlackTeamCountry "PAK"]

1. e4 c5 2. Nf3 Nc6 3. d4 cxd4 4. Nxd4 Nf6 5. Nc3 e5 6. Ndb5 d6 7. Bg5 a6 8. Na3 b5 9. Bxf6 gxf6 10. Nd5 Bg7 11. Bd3 Be6 12. O-O f5 13. c3 O-O 14. Nc2 fxe4 15. Bxe4 f5 16. Nf6+ Rxf6 17. Bxc6 Rc8 18. Bd5 Kh8 19. Bxe6 Rxe6 20. a4 $146 ({RR} 20. Ne3 Qg5 21. Qf3 Rf8 22. h3 Rg6 23. Nd5 e4 24. Qg3 Qh6 25. Qe3 f4 26. Qxe4 f3 27. Ne3 fxg2 28. Nxg2 Qxh3 29. f4 Rg8 30. Rf2 Bf6 31. Rd1 Bh4 32. Re2 Bg3 33. Qd4+ R6g7 34. Rdd2 Qh2+ {0-1 Joo,G (2107)-Szabo,L (2055) HUN-chT3 0102 2001 (3.1)}) 20... Qh4 21. axb5 Rh6 22. h3 axb5 23. Qf3 Qf6 24. Ne3 Rg8 25. Qxf5 Qh4 26. Ra7 b4 27. Ng4 Rg6 28. Rfa1 Qd8 29. cxb4 Qb8 30. Qe4 Qe8 31. Rc7 Qe6 32. Raa7 d5 33. Qxe5 Qxe5 34. Nxe5 Rxg2+ 35. Kf1 Rg1+ 36. Ke2 Rf8 37. Ng4 Rg8 38. Nf6 Rf8 39. Nxd5 Bxb2 40. Rxh7+ Kg8 41. Rh4 Rg2 42. Rg4+ Rxg4 43. hxg4 Bd4 44. Ne7+ Kf7 45. Rd7 Bc3 46. Nc6+ Kg6 47. b5 Rf6 48. Rd3 Ba1 49. Ra3 Re6+ 50. Re3 Rf6 51. f4 Rd6 52. Kf3 1-0

[Event "45th Olympiad 2024"]
[Site "Budapest HUN"]
[Date "2024.09.21"]
[Round "10.49"]
[Board "3"]
[White "Momin Fayzan"]
[Black "Arias, Daniel"]
[Result "1-0"]
[WhiteElo "2064"]
[BlackElo "2213"]
[PlyCount "67"]
[EventDate "2024.09.11"]
[WhiteTeam "Pakistan"]
[BlackTeam "El Salvador"]
[WhiteTeamCountry "PAK"]
[BlackTeamCountry "ESA"]

1. d4 Nf6 2. Nf3 e6 3. c4 b6 4. a3 c5 5. d5 exd5 6. cxd5 d6 7. Nc3 Be7 8. e4 O-O 9. h3 Re8 10. Bd3 Na6 $146 ({RR} 10... Nbd7 11. Bf4 Nf8 12. O-O Ng6 13. Bh2 a6 14. b4 Qc7 15. bxc5 bxc5 16. Nd2 Nd7 17. f4 Bf6 18. Rc1 Rb8 19. Kh1 Bd4 20. Nc4 Nb6 21. Ne2 Nxc4 22. Rxc4 Bf6 23. Ng3 Rb2 24. Nh5 Bd4 25. Rxd4 {1-0 Krasenkow,M (2631)-Morcillo Ferran,J (2110) Barcelona Sants op 12th 2009 (1)}) 11. O-O Nc7 12. Re1 a6 13. b4 Nd7 14. Bf4 g6 15. Qd2 Bb7 16. Rac1 Rc8 17. Bc4 b5 18. Ba2 cxb4 19. axb4 Na8 20. e5 dxe5 21. Nxe5 Bxb4 22. d6 Nxe5 23. Bxe5 Rxe5 24. Rxe5 Qxd6 25. Qf4 Rc7 26. Rd1 Qc6 27. Ne4 Kg7 28. Bd5 Qb6 29. Bxb7 Rxb7 30. Red5 Be7 31. Nd6 Bxd6 32. Rxd6 Qc5 33. Qf6+ Kh6 34. R6d4 1-0

[Event "45th Olympiad 2024"]
[Site "Budapest HUN"]
[Date "2024.09.21"]
[Round "10.49"]
[Board "4"]
[White "Morales Carlos"]
[Black "Mudasir, Iqbal"]
[Result "1-0"]
[WhiteElo "2131"]
[BlackElo "2055"]
[PlyCount "95"]
[EventDate "2024.09.11"]
[WhiteTeam "El Salvador"]
[BlackTeam "Pakistan"]
[WhiteTeamCountry "ESA"]
[BlackTeamCountry "PAK"]

1. e4 c5 2. Nf3 Nc6 3. d4 cxd4 4. Nxd4 Nf6 5. Nc3 e5 6. Ndb5 d6 7. Nd5 Nxd5 8. exd5 Nb8 9. a4 Be7 10. Be2 O-O 11. O-O f5 12. f4 Bf6 ({RR} 12... a6 13. Na3 Nd7 14. Nc4 b6 15. fxe5 Nxe5 16. Be3 Nxc4 17. Bxc4 Bf6 18. Bd4 Bd7 19. Kh1 Re8 20. c3 Bxd4 21. Qxd4 Re4 22. Qd3 Qc8 23. b3 Qc5 24. Bxa6 Re3 25. Qc4 Rxc3 26. Qxc5 Rxc5 27. Bb7 {½-½ Nepomniachtchi,I (2773)-Carlsen,M (2861) Abidjan GCT blitz 2019 (15)}) 13. fxe5 ({RR} 13. c3 a6 14. Na3 Nd7 15. Nc4 Qc7 16. a5 b5 17. axb6 Nxb6 18. Na5 Kh8 19. Kh1 Bb7 20. Nxb7 Qxb7 21. c4 Nd7 22. fxe5 Bxe5 23. Rb1 Nc5 24. b4 Ne4 25. Bb2 Bxb2 26. Rxb2 a5 27. Qe1 axb4 {0-1 Smieszek,W (2110)-Koshulyan,E (2224) Titled Tue 18th Jun Early 2024 (1)}) 13... Bxe5 14. Bf4 a6 $146 ({RR} 14... Nd7 15. Kh1 Bxf4 16. Rxf4 Ne5 17. Qd2 a6 18. Nd4 Qg5 19. Rd1 Bd7 20. Ne6 Bxe6 21. dxe6 Rae8 22. Rb4 Qxd2 23. Rxd2 Rxe6 24. Rxb7 Rc8 25. b3 a5 26. h3 Kf8 27. Rb5 Ra8 28. Rdd5 Ke7 29. Bf1 {1-0 Padmini,R (2330)-Savetha,C (1899) IND-ch U20 Girls 2009 (11)}) 15. Bxe5 dxe5 16. Na3 Nd7 17. Nc4 e4 18. Qd4 Nf6 19. Nb6 Rb8 20. a5 Nd7 21. c4 Nxb6 22. axb6 Qf6 23. Qxf6 Rxf6 24. c5 Kf8 25. Kf2 f4 26. Rfd1 g5 27. b4 g4 28. Bc4 Rh6 29. Kg1 Bf5 30. Re1 Re8 31. d6 Bc8 32. Rad1 Bd7 33. Bd5 e3 34. Rd4 Rf6 35. Rf1 e2 36. Re1 f3 37. gxf3 gxf3 38. Kf2 Re5 39. h4 Rxd5 40. Rxd5 Ke8 41. Re5+ Kd8 42. Rg1 Rf8 43. Rg7 Bc6 44. Rxh7 Rg8 45. Rg5 Re8 46. Re7 Rh8 47. h5 Kc8 48. h6 1-0

[Event "45th Olympiad 2024"]
[Site "Budapest HUN"]
[Date "2024.09.21"]
[Round "10.50"]
[Board "1"]
[White "Ashiku, Franc"]
[Black "Chinchilla, Alejandro Jose"]
[Result "1-0"]
[WhiteElo "2400"]
[BlackElo "2113"]
[PlyCount "67"]
[EventDate "2024.09.11"]
[WhiteTeam "Albania"]
[BlackTeam "Honduras"]
[WhiteTeamCountry "ALB"]
[BlackTeamCountry "HON"]

1. d4 d5 2. Nf3 Nf6 3. Bf4 c5 4. e3 Nc6 5. Nbd2 Qb6 6. dxc5 Qxb2 7. Rb1 Qc3 8. Bb5 e6 9. O-O Be7 10. e4 O-O 11. e5 Nd7 12. Nb3 Qb4 13. Nbd4 Qxc5 14. c3 Na5 ({RR} 14... Qxc3 15. Rb3 Qc5 16. Be3 Nxd4 17. Bxd4 Qc7 18. Bd3 Nc5 19. Rc3 b6 20. Bxh7+ Kxh7 21. Nd2 Rh8 22. Rh3+ Kg8 23. Rxh8+ Kxh8 24. Qh5+ Kg8 25. Rc1 g6 26. Qg4 Qd7 27. h4 Ba6 28. Rc3 Ne4 29. Nxe4 {0-1 Aronian,L (2782)-Ding,L (2799) Speed Chess Chess.com INT blitz 2021 (2.25)}) ({RR} 14... a6 15. Bd3 h6 16. Be3 Nxd4 17. cxd4 Qa5 18. Nd2 b5 19. Qh5 Qc3 20. Rb3 Qc7 21. Bxh6 f5 22. exf6 Nxf6 23. Qg6 Bd6 24. Bg5 Bd7 25. Nf3 Be8 26. Bxf6 Bxg6 27. Be5 Bxe5 28. Nxe5 Bxd3 29. Rxd3 {0-1 Arutla,A (2243)-Diao,M (2033) Titled Tue 18th Jun Late 2024 (11)}) 15. Bd3 Nc4 16. Re1 $146 ({RR} 16. h4 Qc7 17. Re1 Nc5 18. Ng5 h6 {1-0 Sedlak,N (2503)-Budisavljevic,L (2509) BIH-chT 19th 2021 (3.1)}) 16... a6 17. h4 Qc7 18. Ng5 Bxg5 19. hxg5 Nc5 20. Bxc4 dxc4 21. Re3 Nd3 22. Bh2 b5 23. Qh5 Bb7 24. Qh4 Qd8 25. Rh3 h6 26. Rg3 Nxe5 27. Qh5 Qd5 28. gxh6 g6 29. Re1 Nd3 30. Rxg6+ Kh8 31. Rg5 Qd8 32. Re3 Rg8 33. Rxg8+ Qxg8 34. Be5+ 1-0